| 000 | 01770nam0a2200325 4500 | ||
|---|---|---|---|
| 001 | RU\NLR\bibl\1230583 | ||
| 005 | 20260407183039.0 | ||
| 010 | _a978-92-2-419481-8 | ||
| 035 | _a(NLR Aleph) 001216859 | ||
| 090 |
_a113373 _c113373 |
||
| 100 | _a20080521d2008 |||y0rusy50 ca | ||
| 101 | 0 | _arus | |
| 102 | _aRU | ||
| 105 | _ay ||||||||| | ||
| 200 | 1 |
_aСвобода объединения на практике: извлеченные уроки _eглобальный доклад, представленный в соответствии с механизмом реализации Декларации МОТ об основополагающих принципах и правах в сфере труда _eдоклад Генерального директора _f[Междунар. бюро труда, Женева] |
|
| 210 |
_aЖенева _cМеждународное бюро труда _d2008 |
||
| 215 |
_aXVI, 119 с. _d30 |
||
| 225 | 1 |
_aДоклад _fМеждунар. конф. труда, 97-я сессия, 2008 _x0251-3730 _vI (B) |
|
| 320 | _aБиблиогр. в подстроч. примеч. | ||
| 606 | 1 |
_aТрудовые отношения _jСъезды, совещания и т.п. _xМеждународно-правовое регулирование _92186347 _3RU\NLR\auth\661314498 |
|
| 686 | _aУ24(0)8я431 | ||
| 686 | _aХ916.202.1я431 | ||
| 686 | _aХ916.2я431 | ||
| 711 | 0 | 2 |
_aМеждународное бюро труда _9276995 _3RU\NLR\AUTH\882932 |
| 711 | 0 | 2 |
_aМеждународная конференция труда _bСессия _d97 _eЖенева _f2008 _9735671 _3RU\NLR\AUTH\8810118401 |
| 801 | 0 |
_aRU _bNLR _c20080521 _gRCR |
|
| 801 | 1 |
_aRU _bNLR _c20080521 |
|
| 942 | _cBOOK | ||
| 980 | _aNB | ||